000 00385nam a2200157Ia 4500
003 OSt
005 20240409122046.0
008 170524s9999 xx 000 0 und d
020 _a978-1292270081
040 _cIIMT UNIVERSITY
100 _aEITEMAN, DAVID.K
245 0 _aMULTINATIONAL BUSINESS FINANCE
260 _aDELHI
_bPEARSON EDUCATION
_c2004
300 _a772
942 _2ddc
_c02
999 _c2061
_d2061